Tok informácií v banke

Informácie o činnosti, organizácii a službách Študijného strediska vedecko-technických a ekonomických informácií Slovenskej poľnohospodárskej banky, a.s.

Salvato in:
Dettagli Bibliografici
Autore principale: Lesáková, Milica
Natura: Capitolo di libro
Lingua:slovacco
Soggetti:
Tags: Aggiungi Tag
Nessun Tag, puoi essere il primo ad aggiungerne!!

MARC

LEADER 00000naa a2200000 4500
001 r017279
005 20221213082603.4
041 0 |a slo 
044 |a CZ 
245 1 0 |a Tok informácií v banke  |c Milica Lesáková 
520 |a Informácie o činnosti, organizácii a službách Študijného strediska vedecko-technických a ekonomických informácií Slovenskej poľnohospodárskej banky, a.s. 
610 2 0 |a banky 
610 2 0 |a služby informačné 
610 2 0 |a strediská informačné 
610 2 0 |a knižnice 
610 2 0 |a Slovenská poľnohospodárska banka, a.s. Bratislava 
610 2 0 |a Slovensko 
100 1 |a Lesáková, Milica